000 00683nam a2200229 a 4500
001 000018756
005 20200929165843.0
008 100518s2004 ag a 000 p spa d
020 _a9872074976
040 _aDO-SdBNP
_bspa
_cBNPHU
082 _aA861.44
_bC357c
100 1 _aCatálan, Silvia Aida,
_d1956-
_940473
245 1 0 _aCaricias para mi sombra :
_bpoemas /
_cSilvia Aida Catálan.
260 _aBuenos Aires :
_bEl Grillo Ediciones,
_c2004.
300 _a100 p. :
_bil. ;
_c21 cm.
490 1 _aE. g. poésis
650 4 _aPoesía argentina
_93859
650 4 _aLiteratura argentina
_ySIGLO XX
_914711
830 0 _aE. g. poésis
_940474
910 _aWM
049 _aBNGR
999 _c18276
_d18276